000 02588nam0a2200433 4500
001 RU\NLR\BIBL_A\011188704
005 20260407192825.0
020 _aRU
_9От Февраля к Октябрю: коллекция листовок/Рос. нац. б-ка
035 _a(NLR Aleph) 011188704
090 _a11856479
_c11856479
100 _a20160805d1917 |||y0rusy50 ca
101 0 _arus
102 _aRU
105 _ay z 000yy
135 _acrcn 024apada
200 1 _aВоззвание. Гражданки и граждане! 15 октября вы должны идти на выборы и избирать 3-х гласных в Дмитровское земство...
_e[листовка]
210 _aДмитровск [Орловская губ.]
_cТип. А. В. Трисвятского
_d[1917, окт., до 15]
215 _a[1] л.
_d44х21
300 _aПодпись: Избиратели
300 _aКоллекция листовок "От Февраля к Октябрю" (1 экз.)
325 1 _aКопия доступна в Электронной библиотеке РНБ
327 1 _aПризыв принять участие в выборах гласных в Дмитровское уездное земство
517 1 _aГражданки и граждане! 15 октября вы должны идти на выборы и избирать 3-х гласных в Дмитровское земство
517 1 _a15 октября вы должны идти на выборы и избирать 3-х гласных в Дмитровское земство
540 1 _aПризыв принять участие в выборах гласных в Дмитровское уездное земство
540 1 _aОт Февраля к Октябрю
_eлистовки
606 1 _aОрганы местного самоуправления
_jЛистовки
_xВыборы
_z1917
_92277614
_3RU\NLR\AUTH\6601593246
607 _aРоссия
_jЛистовки
_xИстория
_z1917
_92250871
_3RU\NLR\AUTH\661350120
686 0 _aТ3(2)524.2,011
686 0 _aТ3(2)711.19-536,011
711 0 2 _aДмитровское уездное земство
_3RU\NLR\AUTH\8810126391
_9750124
852 0 0 _aNLR
_bФл
_jX/79
942 _cBOOK
980 _aNB
981 4 2 _a(42) 1917: от Февраля к Октябрю
_b(42) Листовки 1917 года